000 01166nam a2200241 a 4500
001 BS0002474
003 BR-BrBNA
005 20230418192036.0
008 230308b |||||||| |||| 00| 0 por d
040 _aBR-BrBNA
_bpor
_cBiblioteca Nacional de Agricultura
041 _apor
072 _aB59
090 _aB59 BS0002474
100 1 _aHomarano (org)
245 1 _aA Língua Que Veio do Céu /
250 1 _a1 ed.
260 3 _aRio de Janeiro:
_bCELD,
_c2004.
300 _a230 p.
520 3 _aA Língua Que Veio do Céu é uma coletânea de artigos oriundos da Espiritualidade pertinentes ao Esperanto. Um livro que encanta pela sua beleza literária e seu riquíssimo conteúdo. Emmanuel, Bezerra de Menezes, Erasto, André Luíz, Camilo Castelo Branco, Castro Alves e Cruz e Souza são alguns dos espíritos que se manifestaram sobre a barreira linguística, também no plano espiritual, e sua solução por meio do Esperanto. Sem dúvida, é uma obra que merece ser estudada, um verdadeiro repositório de ensinamentos sobre o Evangelho, o Espiritismo e o Esperanto.
650 _aESPIRITISMO
909 _a202304
_bSergio Santos
_c56
_dSergio Santos
942 _cBK
999 _c7534
_d7534